000 00967nam a2200301 i 4500
003 EG-GICUC
005 20260125141207.0
008 260125s1968 fr ||||fr|||| 001 0 fre d
040 _aEG-GiCUC
_bfre
_cEG-GiCUC
_dEG-GiCUC
_eRda
041 _afre
082 0 4 _221
_a341.1
_bRE . D
092 0 4 _221
099 _aLaw1 11 341.1 RE . D 3 ed - 1968
100 1 _aReuter, Paul
_eAuteur
245 1 0 _aDroit International Public /
_cPaul Reuter.
250 _aTroisième Édition Revue Et Mise A Jour
264 1 _aParis :
_bPresses Universitaires De France,
_c1968.
300 _a403 page ;
_c 24 cm.
_billustration ;
336 _2rda contenu
_a texte
337 _2rda medias
_aOrdinateur
338 _2 transporteur rda
_a Ressource en ligne
490 _a<< Thémis >>>
546 _aTexte en français
650 1 4 _aDroit international public
856 4 0 _uhttps://fll.law.cu.edu.eg/fulltext/bks/B11-07234.pdf
905 _a79
942 _2ddc
_cBK
_e21
_n0
999 _c59251
_d59251